000
00311nam a2200133Ia 4500
003
SGT
082
_a
158.7,KUM
100
_a
KUMAR,PRADEEP
245
_a
ORGANIZATIONAL BEHAVIOUR
260
_b
ACADEMIC EXCELLENCE
_a
NEW DELHI
_c
2008
300
_a
629p.
650
_a
HUMAN RESOURCE MANAGEMENT
942
_2
ddc
_c
FCM
_0
6
999
_c
6376
_d
6376